MARC

LEADER 00000nam0a2200000 4500
001 156567
005 20231031153236.0
035 |a (RuTPU)RU\TPU\book\169808 
090 |a 156567 
100 |a 20090328d1939 m y0rusy50 ca 
101 0 |a rus 
102 |a RU 
105 |a a z 000zy 
200 1 |a Горнорудное дело  |f Б. М. Васильев 
205 |a 2-е изд., испр. и доп. 
210 |a Москва  |c Гостоптехиздат  |d 1939  |a Ленинград 
215 |a 312 с.  |c ил. 
610 1 |a горнорудное дело 
610 1 |a геология 
610 1 |a рудные месторождения 
610 1 |a свойства 
610 1 |a горные породы 
610 1 |a поиски 
610 1 |a разведка 
610 1 |a горные выработки 
610 1 |a вскрытие 
610 1 |a крепление 
610 1 |a рудничный транспорт 
610 1 |a водоотлив 
610 1 |a вентиляция 
610 1 |a освещение 
610 1 |a бурение 
675 |a 622.34  |v 3 
700 1 |a Васильев  |b Б. М. 
801 1 |a RU  |b 63413507  |c 20090328  |g PSBO 
801 2 |a RU  |b 63413507  |c 20090525  |g PSBO 
942 |c BK